LIBRARY & INFORMATION CENTRE, KCAET, TAVANUR

ONLINE PUBLIC ACCESS CATALOGUE (OPAC)

Epidemiology and control of endemic syphilis / (Record no. 1272)

MARC details
000 -LEADER
fixed length control field 00370cam a2200145ua 4500
041 ## - LANGUAGE CODE
Language code of text/sound track or separate title eng
082 ## - DEWEY DECIMAL CLASSIFICATION NUMBER
Classification number 614.5472
Item number GRI/EP
100 ## - MAIN ENTRY--AUTHOR NAME
Personal name Grin, E.I .
245 ## - TITLE STATEMENT
Title Epidemiology and control of endemic syphilis /
260 ## - PUBLICATION, DISTRIBUTION, ETC. (IMPRINT)
Place of publication Geneva :
Name of publisher World Health Organisation ,
Year of publication 1953.
300 ## - PHYSICAL DESCRIPTION
Number of Pages 93 ; .
942 ## - ADDED ENTRY ELEMENTS (KOHA)
Koha item type Books
Holdings
Withdrawn status Lost status Damaged status Home library Current library Date acquired Full call number Accession Number Koha item type
      KAUAET KAUAET 07/04/2012 614.5472 4620 Books
free website counter